| 000 | 00767nam a2200229Ia 4500 | ||
|---|---|---|---|
| 001 | 16048 | ||
| 003 | GE_BSU | ||
| 008 | 181216s||||||||xx |||||||||||||| ||und|| | ||
| 040 | _cGE_BSU | ||
| 080 | _a821.353.1-1 | ||
| 100 | _aჭანტურია, ტარიელ | ||
| 245 | _aთაფლობის საუკუნე | ||
| 245 | _bლექსების ციკლი | ||
| 245 | _cრედ.ი.არაბული. მხ.ნ.მალაზონია | ||
| 260 | _aთბილისი | ||
| 260 | _bსაბჭ. საქართველო | ||
| 260 | _c1978 | ||
| 300 | _a291გვ. ; 20სმ. | ||
| 653 | _aთაფლობის საუკუნე | ||
| 653 | _aლექსების ციკლი | ||
| 942 | _cBK | ||
| 999 |
_c49138 _d49138 |
||